| 000 | 00514nam a2200157 4500 | ||
|---|---|---|---|
| 001 | 109594 | ||
| 003 | ES-MaACL | ||
| 007 | t| | ||
| 008 | 061121s1967 sp r ||||1| spa d | ||
| 100 | 1 |
_aOller-Daurella, Luis. _986915 |
|
| 245 | 1 | 3 |
_aEl síndrome de Lennox y sus diferentes formas clínico-electroencefalográficas / _cL. Oller-Daurella. |
| 250 | _a[1ª ed.]. | ||
| 260 |
_aBarcelona : _bEspaxs, _c1967. |
||
| 300 |
_a128 p. 1 lám. col. con 12 gráf. : _bil ; _c22 cm. |
||
| 852 |
_aES-MaACL _jG-6723 _bR.65859 |
||
| 999 |
_c109594 _d109594 |
||